"Afganistan. Natur, Geschichte und Kultur , Staat, Gesellschaft und Wirtschaft."

Bibliographic Details
Main Author: Baňák, Kamil, 1942-2004 (Author)
Format: Article
Language:Slovak
German
Subjects:

MARC

LEADER 00000nab a2200000 a 4500
001 vtls008774779
003 SK-MaSNL
005 20260304133650.0
008 250505 1974 xo 000 0 slo
015 |a SNBRA1977 
035 |a (sysno)vtls008774779 
035 |a urn:nbn:sk:snk-ab75x8 
035 |a (uuid)eece979d-7ad7-44b0-b256-44c60f261de9 
035 |a (urnnbn)urn:nbn:sk:snk:ar-a0711r 
040 |a SNKBUCL  |b slo  |c SNKBUCL  |e AACR2 
041 0 |a ger 
044 |a xo  |c SK 
080 |a 908(581)  |2 2001 
100 1 |a Baňák, Kamil,  |d 1942-2004  |4 aut  |9 102970 
245 1 0 |a "Afganistan. Natur, Geschichte und Kultur , Staat, Gesellschaft und Wirtschaft."  |c Kamil Baňák 
650 0 7 |a cestopisné reportáže  |2 snkbucl  |9 383716 
651 7 |a Afganistan  |2 snkbucl  |9 22003 
655 7 |a recenzie  |2 snkbucl  |9 21907 
773 0 |t Asian and African studies 10  |d Bratislava : Vydavateľstvo SAV, 1974  |g S. 229-230 
787 0 8 |i Rec.:  |t Afganistan. Natur, Geschichte und Kultur , Staat, Gesellschaft und Wirtschaft 
850 |a Slovenská národná knižnica 
852 |a Slovenská národná knižnica 
958 |a article27 
958 |a OND 
958 |a EUIPO 
999 |c 2902960  |d 2904890